<?xml version="1.0" encoding="UTF-8"?>
<record
    xmlns:xsi="http://www.w3.org/2001/XMLSchema-instance"
    xsi:schemaLocation="http://www.loc.gov/MARC21/slim http://www.loc.gov/standards/marcxml/schema/MARC21slim.xsd"
    xmlns="http://www.loc.gov/MARC21/slim">

  <leader>00877nam a2200205Ia 4500</leader>
  <datafield tag="999" ind1=" " ind2=" ">
    <subfield code="c">38158</subfield>
    <subfield code="d">38158</subfield>
  </datafield>
  <controlfield tag="001">4148</controlfield>
  <controlfield tag="003">GE_BSU</controlfield>
  <controlfield tag="005">20190923122941.0</controlfield>
  <controlfield tag="008">181216s1951||||ge |||||||||||||| ||geo||</controlfield>
  <datafield tag="040" ind1=" " ind2=" ">
    <subfield code="c">GE_BSU</subfield>
  </datafield>
  <datafield tag="041" ind1=" " ind2=" ">
    <subfield code="a">geo</subfield>
  </datafield>
  <datafield tag="080" ind1=" " ind2=" ">
    <subfield code="a">39(479.22) &#x10DB;&#x2013;36</subfield>
  </datafield>
  <datafield tag="245" ind1=" " ind2=" ">
    <subfield code="a">&#x10DB;&#x10D0;&#x10E1;&#x10D0;&#x10DA;&#x10D4;&#x10D1;&#x10D8; &#x10E1;&#x10D0;&#x10E5;&#x10D0;&#x10E0;&#x10D7;&#x10D5;&#x10D4;&#x10DA;&#x10DD;&#x10E1; &#x10D4;&#x10D7;&#x10DC;&#x10DD;&#x10D2;&#x10E0;&#x10D0;&#x10E4;&#x10D8;&#x10D8;&#x10E1;&#x10D0;&#x10D7;&#x10D5;&#x10D8;&#x10E1; :</subfield>
    <subfield code="c">&#x10E0;&#x10D4;&#x10D3;. &#x10D2;. &#x10E9;&#x10D8;&#x10E2;&#x10D0;&#x10D8;&#x10D0;.</subfield>
  </datafield>
  <datafield tag="264" ind1=" " ind2=" ">
    <subfield code="a">&#x10D7;&#x10D1;&#x10D8;&#x10DA;&#x10D8;&#x10E1;&#x10D8; :</subfield>
    <subfield code="b">&#x10E1;&#x10D0;&#x10E5;. &#x10E1;&#x10E1;&#x10E0;. &#x10DB;&#x10D4;&#x10EA;&#x10DC;. &#x10D0;&#x10D9;&#x10D0;&#x10D3;. &#x10D2;&#x10D0;&#x10DB;&#x2013;&#x10D1;&#x10D0;, </subfield>
    <subfield code="c">1951.</subfield>
  </datafield>
  <datafield tag="300" ind1=" " ind2=" ">
    <subfield code="a">89 &#x10D2;&#x10D5;. ;</subfield>
    <subfield code="b">24 &#x10E1;&#x10DB;.</subfield>
  </datafield>
  <datafield tag="653" ind1=" " ind2=" ">
    <subfield code="a">&#x10D4;&#x10D7;&#x10DC;&#x10DD;&#x10D2;&#x10E0;&#x10D0;&#x10E4;&#x10D8;&#x10D0;</subfield>
  </datafield>
  <datafield tag="700" ind1=" " ind2=" ">
    <subfield code="a">&#x10E9;&#x10D8;&#x10E2;&#x10D0;&#x10D8;&#x10D0;, &#x10D2;. </subfield>
    <subfield code="e">&#x10E0;&#x10D4;&#x10D3;&#x10D0;&#x10E5;&#x10E2;&#x10DD;&#x10E0;&#x10D8;</subfield>
    <subfield code="9">4231</subfield>
  </datafield>
  <datafield tag="710" ind1=" " ind2=" ">
    <subfield code="a">&#x10E1;&#x10D0;&#x10E5;. &#x10E1;&#x10E1;&#x10E0; &#x10DB;&#x10D4;&#x10EA;&#x10DC;. &#x10D0;&#x10D9;&#x10D0;&#x10D3;., &#x10D8;&#x10D5;. &#x10EF;&#x10D0;&#x10D5;&#x10D0;&#x10EE;&#x10D8;&#x10E8;&#x10D5;&#x10D8;&#x10DA;&#x10D8;&#x10E1; &#x10E1;&#x10D0;&#x10EE;. &#x10D8;&#x10E1;&#x10E2;. &#x10D8;&#x10DC;-&#x10E2;&#x10D8;.</subfield>
    <subfield code="9">4103</subfield>
  </datafield>
  <datafield tag="942" ind1=" " ind2=" ">
    <subfield code="c">BK</subfield>
    <subfield code="2">udc</subfield>
  </datafield>
  <datafield tag="952" ind1=" " ind2=" ">
    <subfield code="0">0</subfield>
    <subfield code="1">0</subfield>
    <subfield code="2">udc</subfield>
    <subfield code="4">0</subfield>
    <subfield code="6">3947922_&#x10DB;36</subfield>
    <subfield code="7">0</subfield>
    <subfield code="9">38934</subfield>
    <subfield code="a">CPL</subfield>
    <subfield code="b">CPL</subfield>
    <subfield code="c">GEN</subfield>
    <subfield code="d">2018-12-17</subfield>
    <subfield code="g">3.00</subfield>
    <subfield code="o">39(479.22) &#x10DB;&#x2013;36</subfield>
    <subfield code="p">5749</subfield>
    <subfield code="r">2018-12-17</subfield>
    <subfield code="t">5749</subfield>
    <subfield code="w">2018-12-17</subfield>
    <subfield code="y">BK</subfield>
    <subfield code="z">3 &#x10DA;.  </subfield>
  </datafield>
</record>
